Sea Creature By Picture - Statistics

General Stats
  • This quiz has been taken 170 times
  • The average score is 21 of 24
Answer Stats
Picture Answer % Correct
Shark
99%
Whale Shark
99%
Dolphin
98%
Hermit Crab
97%
Starfish
97%
Beluga Whale
96%
Crab
96%
Octopus
96%
Sea Turtle
96%
Whale
96%
Lobster
94%
Sting Ray
93%
Squid
92%
Clownfish
91%
Jellyfish
90%
Pufferfish
88%
Seagull
85%
Pelican
81%
Lionfish
67%
Sea Anenome
64%
Shrimp
64%
Blue Tang
63%
Coral
63%
Barracuda
57%
No matching quizzes found
Score Distribution
Percent of People with Each Score
Percentile by Number Answered
Your Score History
You have not taken this quiz